| 000 | 00398 a2200133 4500 | ||
|---|---|---|---|
| 001 | 92330 | ||
| 082 | _aPR 2384 | ||
| 090 |
_c44286 _d44287 |
||
| 100 | _aNauman Masood;Prof Muhammad Zahid(Advisor) | ||
| 245 |
_aStudy of Routing Algorithms and Simulate Dijkstra and Bellman-Ford Algorithms on PC _n60'B' EC |
||
| 260 |
_aIslamabad _bNUST _c2005 |
||
| 300 | _avii,139p. | ||
| 500 | _aBE Project Report | ||
| 942 |
_aCAE NUST _kPR 2384 |
||
| 999 |
_c327403 _d327403 |
||